| 000 | 00958nam a2200277 i 4500 | ||
|---|---|---|---|
| 001 | 11283 | ||
| 003 | ES-MaACL | ||
| 005 | 20230906150051.0 | ||
| 007 | t| | ||
| 008 | 921026s1992 sp |||| | spa j | ||
| 020 | _a84-7100-534-4 | ||
| 080 | _a338.1(=981.2 Guaraníes)"15/17" | ||
| 080 | _a308(=981.2 Guaraníes)"15/17" | ||
| 100 | 1 |
_aMaeder, Ernesto J. A. _975377 |
|
| 245 | 1 | 0 |
_aMisiones del Paraguay _b: conflictos y disolución de la sociedad guaraní (1768-1850) / _cErnesto J.A. Maeder. |
| 260 |
_aMadrid : _bMAPFRE, _c[1992] |
||
| 300 |
_a298 p : _bmapas ; _c23 cm. |
||
| 490 | 1 |
_aRealidades americanas ; _v11 |
|
| 500 | _aÍndices. | ||
| 504 | _aBibliografía: p. 281-290. | ||
| 650 | 1 | 4 |
_aGuaraníes (Indios)- _xSituación económica- _vHistoria. _9167698 |
| 650 | 1 | 4 |
_aGuaraníes (Indios)- _xSituación social- _vHistoria. _9167699 |
| 830 | 0 |
_aRealidades americanas ; _v11 _9178987 |
|
| 852 |
_aES-MaACL _jL-18614 |
||
| 999 |
_c11283 _d11283 |
||